| 000 | 00376nam a22001457a 4500 | ||
|---|---|---|---|
| 008 | 140325t xxu||||| |||| 00| 0 eng d | ||
| 020 | _a978-1-55581-479-3 | ||
| 100 |
_aS.J. Flint _9813 |
||
| 240 | _aMolecular biology | ||
| 245 |
_aPrinciples of Virology _bvol I _cS.J. Flint |
||
| 250 | _athird edition | ||
| 300 | _a568 p. | ||
| 440 |
_vvolume I _9814 |
||
| 942 |
_2ddc _cBK |
||
| 999 |
_c479501 _d479501 |
||